[Event "Challenge"]
[Site "http://www.queenalice.com/game.php?id=1825840"]
[Date "2023.11.24"]
[Round "-"]
[White "Renie"]
[Black "chyco"]
[Result "1-0"]
[WhiteElo "1471"]
[BlackElo "1508"]

1. c4 e5 2. Nc3 c6 3. a3 h6 4. Nf3 d6 5. d3 g5 6. d4 f6 7. dxe5 fxe5 8. e4 Nf6
9. b4 Ng4 10. b5 c5 11. h3 Nf6 12. Nd5 Nxe4 13. Qe2 Nf6 14. Qd3 Rg8 15. Be2 b6
16. Nxf6+ Qxf6 17. Qd5 Qf5 18. Qxa8 Bg7 19. g4 Qd7 20. Qd5 Kf8 21. Nxg5 Bb7 22.
Nh7+ Ke7 23. Qxg8 Qe8 24. Qxg7+ Qf7 25. Qxh6 Bxh1 26. Bg5+ Kd7 27. Nf8+ Kc7 28.
Qf6 Qxf6 29. Bxf6 Bg2 30. g5 Bxh3 31. g6 Nd7 32. Nxd7 Bxd7 33. g7 Be6 34. Bd3
Kd7 35. Bh7 Ke8 36. Rc1 e4 37. g8=Q+ Bxg8 38. Bxg8 Kf8 39. Bd5 Ke8 40. Ke2 Kf8
41. Rh1 Ke8 42. Be6 Kf8 43. Rh8# 1-0

[Event "Challenge"]
[Site "http://www.queenalice.com/game.php?id=1827256"]
[Date "2023.12.15"]
[Round "-"]
[White "Renie"]
[Black "Scar"]
[Result "0-1"]
[WhiteElo "1488"]
[BlackElo "1721"]

1. c4 c5 2. Nc3 e6 3. g3 d5 4. cxd5 exd5 5. Bg2 Be6 6. Nf3 Nc6 7. O-O Bd6 8. d3
d4 9. Ne4 Be7 10. b3 b6 11. Ned2 a5 12. Nc4 b5 13. Nce5 Nxe5 14. Nxe5 Ra6 15. e3
dxe3 16. fxe3 Bf6 17. Bb2 Rd6 18. Nc6 Qd7 19. Bxf6 Nxf6 20. Ne5 Qd8 21. Bc6+ Bd7
22. Nxd7 Rxc6 23. Nxf6+ Rxf6 24. Qg4 O-O 25. h4 Rg6 26. Qh3 Qxd3 27. g4 h5 28.
Rad1 Qe2 29. Kh1 Rxg4 30. Rde1 Qxa2 31. e4 Qc2 32. e5 Rd8 33. Qf3 Rxh4+ 34. Kg1
Qh2# 0-1

[Event "Challenge"]
[Site "http://www.queenalice.com/game.php?id=1829295"]
[Date "2024.1.14"]
[Round "-"]
[White "Renie"]
[Black "chyco"]
[Result "1-0"]
[WhiteElo "1467"]
[BlackElo "1538"]

1. c4 e6 2. a3 g5 3. Nc3 c5 4. g3 h6 5. Bg2 b6 6. Bxa8 Nf6 7. Bg2 Qc7 8. b3 Bb7
9. Nf3 g4 10. Nb5 Qc8 11. Nxa7 Qd8 12. Nb5 Ba6 13. Nc3 gxf3 14. Bxf3 d6 15. Bb2
Bg7 16. O-O Nbd7 17. d3 Ne5 18. Bg2 Nfg4 19. Ne4 d5 20. Nd2 d4 21. b4 Qg5 22.
Qa4+ Ke7 23. Qxa6 Qxd2 24. Qb7+ Kf6 25. Ra2 Qxe2 26. Be4 Qc2 27. h4 Qa4 28. bxc5
Qb3 29. Qxb6 Qxa2 30. Ra1 Nxc4 31. dxc4 Qxc4 32. Rc1 Qe2 33. Bxd4+ Ke7 34. Qb7+
Kf8 35. Bf3 Qd2 36. Qb2 Qxb2 37. Bxb2 Bxb2 38. Rb1 Nxf2 39. Rxb2 Nd3 40. Rb8+
Kg7 41. Rxh8 Kxh8 42. c6 Ne5 43. Bg2 Nxc6 44. Bxc6 Kg8 45. a4 Kf8 46. a5 Ke7 47.
a6 Kd6 48. Bg2 1-0

[Event "Challenge"]
[Site "http://www.queenalice.com/game.php?id=1829862"]
[Date "2024.1.21"]
[Round "-"]
[White "Renie"]
[Black "Mlintz"]
[Result "0-1"]
[WhiteElo "1474"]
[BlackElo "1710"]

1. c4 e5 2. Nc3 c6 3. d4 exd4 4. Ne4 c5 5. g3 Be7 6. e3 Nc6 7. Bg2 Nf6 8. exd4
Nxd4 9. Nxf6+ Bxf6 10. Nf3 O-O 11. O-O Re8 12. Rb1 d6 13. Nxd4 Bxd4 14. Bd5 Rb8
15. Qf3 Qc7 16. Be4 b6 17. Bc6 Re7 18. b3 Bb7 19. Bd5 Bxd5 20. Qxd5 Re2 21. Qf3
Rxa2 22. h4 Re8 23. Bf4 Be5 24. Rbe1 Qb8 25. Re4 Bxf4 26. Qxf4 Rxe4 27. Qxd6
Qxd6 0-1

[Event "Challenge"]
[Site "http://www.queenalice.com/game.php?id=1832316"]
[Date "2024.2.24"]
[Round "-"]
[White "Renie"]
[Black "pj"]
[Result "0-1"]
[WhiteElo "1428"]
[BlackElo "1533"]

1. c4 e5 2. Nc3 c6 3. a3 g5 4. d4 e4 5. Nxe4 f6 6. b4 h6 7. Bb2 Be7 8. e3 f5 9.
d5 Bf6 10. Nxf6+ Nxf6 11. Qd4 Rf8 12. Nf3 d6 13. dxc6 Nxc6 14. Qd3 g4 15. Nd2
Rf7 16. g3 Rd7 17. Qxf5 d5 18. Bxf6 Re7 19. Qg6+ Kd7 20. Bxe7 Nxe7 21. Qxg4+ Ke8
22. Qd4 Be6 23. Qh8+ Ng8 24. Qxh6 Nxh6 25. Bg2 Qd7 26. a4 dxc4 27. b5 Qf7 28.
Rc1 Ng4 29. O-O Rc8 30. h3 Ne5 31. f4 Nd3 32. Rcd1 c3 33. Ne4 Nc5 34. Ng5 Qf6
35. Rf2 Bb3 36. Ra1 Nd3 37. Rff1 c2 38. Bxb7 Rc3 39. e4 c1=Q 40. e5 Qe3+ 41. Kh1
Nf2+ 42. Kh2 Qxg3# 0-1

[Event "Challenge"]
[Site "http://www.queenalice.com/game.php?id=1832667"]
[Date "2024.3.4"]
[Round "-"]
[White "Renie"]
[Black "alterego"]
[Result "0-1"]
[WhiteElo "1478"]
[BlackElo "1572"]

1. c4 g6 2. Nc3 Bg7 3. d4 Nf6 4. e3 a6 5. Nge2 O-O 6. g3 d5 7. Nf4 Bg4 8. Nce2
c6 9. h3 Bf3 10. Rg1 Ne4 11. cxd5 cxd5 12. Qb3 b5 13. Nxd5 Qa5+ 14. Kd1 Nc6 15.
Bg2 Nxf2+ 16. Kc2 Bxe2 17. Nf4 Bc4 18. Qc3 Nb4+ 19. Kb1 Rfc8 20. a3 Bd3+ 21.
Nxd3 Rxc3 22. bxc3 Nbxd3 23. Bxa8 Qxc3 24. Ra2 Nxc1 25. Rc2 Qb3+ 26. Rb2 Qxa3
27. Rxc1 Nd3 0-1

[Event "Challenge"]
[Site "http://www.queenalice.com/game.php?id=1832846"]
[Date "2024.3.6"]
[Round "-"]
[White "Renie"]
[Black "fbg"]
[Result "0-1"]
[WhiteElo "1434"]
[BlackElo "1687"]

1. c4 c5 2. Nc3 Nf6 3. g3 e5 4. d3 Nc6 5. Bg2 Qc7 6. Nd5 Nxd5 7. Bxd5 d6 8. Nf3
Be7 9. a3 h6 10. O-O Bg4 11. b4 Bxf3 12. Bxf3 O-O 13. Bb2 cxb4 14. Bxc6 Qxc6 15.
axb4 Bf6 16. b5 Qb6 17. Bc3 a6 18. e3 axb5 19. cxb5 Qxb5 20. Qd2 d5 21. Bb4 e4
22. d4 h5 23. Bxf8 Rxf8 24. Qa5 Qc4 25. Rfc1 Qe2 26. Qc7 b5 27. Rc5 Qb2 28. Ra7
Qb1+ 29. Kg2 Qb3 30. Qd7 Rd8 31. Qxf7+ Kh8 32. Qxh5+ Kg8 33. Rac7 Qa4 34. Rc8 b4
35. Rxd8+ Bxd8 36. Rc8 Kf8 37. Rxd8+ Ke7 38. Qe8+ Qxe8 39. Rxd5 Qb8 40. Ra5 b3
41. Ra1 b2 42. Rb1 Qb3 43. Kh3 Qc2 44. Rxb2 Qxb2 45. Kg2 Ke6 46. h4 g6 47. g4
Qe2 48. h5 Qxg4+ 49. Kf1 gxh5 0-1

[Event "Challenge"]
[Site "http://www.queenalice.com/game.php?id=1833870"]
[Date "2024.3.20"]
[Round "-"]
[White "Renie"]
[Black "Wolle"]
[Result "0-1"]
[WhiteElo "1450"]
[BlackElo "1630"]

1. c4 e5 2. Nc3 Nc6 3. a3 Nf6 4. g3 Bc5 5. e3 d5 6. b3 O-O 7. cxd5 Nxd5 8. Bb2
a6 9. Bg2 Nde7 10. Nge2 Be6 11. O-O f5 12. f4 b5 13. fxe5 Ng6 14. d4 Nxd4 15.
Bxa8 Nxe2+ 16. Qxe2 Qxa8 17. b4 Bb6 18. Nd1 Bc4 19. Qf3 Bxf1 20. Qxf1 Qe4 21.
Qe1 f4 22. Nf2 Bxe3 23. Kf1 Qc4+ 24. Kg2 Bd4 25. Bxd4 Qxd4 26. e6 fxg3 27. hxg3
Re8 28. Rd1 Qf6 29. Rd4 Qxd4 30. Nh3 Qd5+ 31. Kh2 Rxe6 32. Qg1 Re2+ 33. Nf2 Qf3
34. Qg2 Rxf2 35. Qxf2 Qxf2+ 36. Kh3 h5 0-1

[Event "Challenge"]
[Site "http://www.queenalice.com/game.php?id=1833871"]
[Date "2024.3.20"]
[Round "-"]
[White "Renie"]
[Black "Danado"]
[Result "0-1"]
[WhiteElo "1459"]
[BlackElo "1633"]

1. c4 e5 2. Nc3 Nf6 3. d3 Nc6 4. a3 Bc5 5. e3 d5 6. g3 d4 7. Ne4 Nxe4 8. dxe4
dxe3 9. Bxe3 Qxd1+ 10. Rxd1 Bxe3 11. fxe3 O-O 12. Bd3 Bg4 13. Be2 Bxe2 14. Nxe2
Na5 15. b4 Nxc4 16. Kf2 Nxa3 17. Rd7 Rac8 18. Nc3 Nc4 19. Nd5 Rfd8 20. Ne7+ Kf8
21. Rxd8+ Rxd8 22. Nd5 Rd7 23. b5 Nb6 24. Kf3 Nxd5 25. exd5 Rxd5 26. Rb1 Rd2 27.
h4 f6 28. g4 h6 29. Rc1 Rd7 30. Ke4 a6 31. bxa6 bxa6 32. Rf1 Kf7 33. g5 c6 34.
gxf6 gxf6 35. h5 Rd2 36. Rb1 Rd6 37. Rb7+ Ke8 38. Kf5 Rd7 39. Rb8+ Rd8 40. Rb6
c5 41. Rxf6 c4 42. Re6+ Kf7 43. Rxe5 Re8 44. Rc5 Rxe3 45. Rxc4 Rg3 46. Ra4 Rf3+
47. Ke4 Rf6 48. Ra5 Re6+ 49. Kd5 Kf6 50. Ra4 Re5+ 51. Kc6 Kg5 52. Kd6 Rf5 53.
Kc6 Kxh5 54. Kb6 Rf6+ 55. Ka7 Kg6 56. Kb7 h5 57. Ka7 Kg5 58. Ra5+ Kg6 59. Kb7 h4
60. Ra1 Kg5 61. Ra5+ Kg4 62. Ra4+ Kh5 63. Ra3 Kg5 64. Ra5+ Kf4 65. Ra3 Kg4 66.
Ra1 h3 67. Rg1+ Kh4 68. Rg8 h2 69. Rh8+ Kg3 70. Rxh2 Kxh2 71. Kc7 a5 72. Kd7 a4
73. Ke7 Rf2 0-1

[Event "Challenge"]
[Site "http://www.queenalice.com/game.php?id=1833872"]
[Date "2024.3.20"]
[Round "-"]
[White "Renie"]
[Black "Carlos19"]
[Result "0-1"]
[WhiteElo "1466"]
[BlackElo "1682"]

1. c4 e5 2. Nc3 Nf6 3. a3 Bc5 4. d3 O-O 5. e3 d6 6. b4 Bb6 7. Ne4 Nxe4 8. dxe4
c5 9. Bd2 cxb4 10. Bxb4 Bc5 11. Bc3 Qh4 12. Qf3 Bg4 13. Qg3 Qxg3 14. hxg3 h5 15.
f3 Be6 16. Bb4 Bxb4+ 17. Kf2 Bc5 18. Rxh5 Nc6 19. Bd3 Na5 20. Ne2 Nxc4 21. Rah1
f6 22. f4 Bxe3+ 23. Kf3 exf4 24. Nxf4 Bxf4 25. gxf4 Kf7 26. f5 Ne5+ 27. Ke3 Bc4
28. Bxc4+ Nxc4+ 29. Kf3 Nxa3 30. Rd1 Rad8 31. Rd3 Nc4 32. Kf4 Rh8 33. Rdh3 Rxh5
34. Rxh5 b5 35. g4 b4 36. Rh1 b3 37. g5 b2 38. gxf6 gxf6 39. Rb1 Rb8 40. Kf3
Nd2+ 41. Ke3 Nxb1 42. Kd3 Na3 43. Kd4 b1=Q 44. Kd5 Qd3+ 45. Kc6 Qxe4+ 46. Kxd6
Qe5+ 47. Kc6 Rb6+ 48. Kd7 Qd6+ 0-1

[Event "Challenge"]
[Site "http://www.queenalice.com/game.php?id=1833873"]
[Date "2024.3.20"]
[Round "-"]
[White "Renie"]
[Black "Rovigo"]
[Result "1/2-1/2"]
[WhiteElo "1441"]
[BlackElo "1470"]

1. c4 e5 2. Nc3 Bb4 3. Qb3 Bxc3 4. Qxc3 d6 5. d3 Nc6 6. Nf3 Bg4 7. Be3 Bxf3 8.
gxf3 Nf6 9. Bg2 h5 10. Bg5 a5 11. e3 a4 12. O-O h4 13. h3 Rh5 14. Bxf6 gxf6 15.
Rad1 Na5 16. d4 exd4 17. exd4 c5 18. dxc5 Rxc5 19. Rfe1+ Kf8 20. b4 Rxc4 21. Qd2
Nc6 22. Qxd6+ Qxd6 23. Rxd6 Nxb4 24. a3 Nc2 25. Re2 Nd4 26. Rd2 Rc1+ 27. Kh2 Ne6
28. f4 f5 29. Rb2 Nxf4 30. Rh6 Kg7 31. Rxh4 Nd3 32. Rxb7 Nxf2 33. Rf4 Rc3 34.
Rxf2 Kg6 35. Bd5 Ra6 36. Bxf7+ Kf6 37. h4 Rxa3 38. h5 Kg5 39. Rg2+ Kh6 40. Rb8
Kh7 41. Rbg8 Rf6 42. Bg6+ Kxg8 43. Bxf5+ Kh8 44. Bd7 Rh6 45. Rg5 Rh7 46. Bf5 Rh6
47. Bd7 Rd3 48. Bxa4 Rb6 49. Re5 Rb2+ 50. Kg1 Rc3 51. Re1 Rg3+ 52. Kf1 Rh3 53.
Bc6 Rxh5 54. Re8+ Kg7 55. Re7+ Kf6 56. Re3 Rc5 57. Bg2 Rc1+ 58. Re1 Rxe1+ 59.
Kxe1 Rxg2 60. Kf1 Rg4 61. Kf2 Kf5 62. Kf3 Rf4+ 63. Kg3 Rg4+ 64. Kf3 Kg5 65. Ke3
Kf5 66. Kf3 1/2-1/2

[Event "Challenge"]
[Site "http://www.queenalice.com/game.php?id=1837881"]
[Date "2024.6.2"]
[Round "-"]
[White "Renie"]
[Black "JoseMessias"]
[Result "0-1"]
[WhiteElo "1416"]
[BlackElo "1683"]

1. c4 b6 2. d4 d5 3. cxd5 Qxd5 4. Nc3 Qc4 5. e3 Qe6 6. b3 Qd7 7. Bc4 Qg4 8. Qxg4
Bxg4 9. Ne4 Nc6 10. Ng5 Nh6 11. Bb2 Nb4 12. Rc1 a6 13. a3 Nc6 14. b4 f6 15. Bf7+
Nxf7 16. Nxf7 Kxf7 17. d5 Ne5 18. Rxc7 Nd3+ 19. Kd2 Nxb2 20. e4 Rd8 21. Rc6 Na4
22. Kc2 f5 23. f3 Bh5 24. Kb3 b5 25. h3 fxe4 26. fxe4 Bd1+ 27. Ka2 g6 28. h4 Bc2
29. Rxc2 Bg7 30. Rf2+ Bf6 31. Nf3 Nc3+ 0-1

[Event "Challenge"]
[Site "http://www.queenalice.com/game.php?id=1837882"]
[Date "2024.6.2"]
[Round "-"]
[White "Renie"]
[Black "Rocio"]
[Result "1-0"]
[WhiteElo "1406"]
[BlackElo "1443"]

1. c4 e5 2. Nc3 Bb4 3. Qb3 Nc6 4. Nd5 d6 5. g3 Na5 6. Qa4+ Nc6 7. Bg2 e4 8. Bxe4
Nh6 9. Nf3 Ng4 10. O-O Bc5 11. e3 O-O 12. Qc2 Nce5 13. a3 c6 14. Bxh7+ Kh8 15.
Kg2 g6 16. h3 Nh6 17. d4 cxd5 18. dxc5 Kxh7 19. cxd5 Qf6 20. Nxe5 Qxe5 21. Qd2
Qe4+ 22. f3 Qe7 23. b4 Nf5 24. e4 Ng7 25. Qh6+ Kg8 26. h4 Qf6 27. Bg5 Qb2+ 28.
Kg1 Bh3 29. Rf2 Qxa1+ 30. Kh2 Bd7 31. cxd6 f6 32. Bf4 Kf7 33. Re2 Qxa3 34. e5
Nf5 35. Qh7+ Ng7 36. Bh6 Rg8 37. e6+ Ke8 38. Qxg6+ Kd8 39. Bxg7 Be8 40. Qxf6+
Kc8 41. Qe7 Qxf3 42. Qc7# 1-0

[Event "Challenge"]
[Site "http://www.queenalice.com/game.php?id=1839387"]
[Date "2024.6.28"]
[Round "-"]
[White "Renie"]
[Black "Wolle"]
[Result "0-1"]
[WhiteElo "1418"]
[BlackElo "1724"]

1. c4 e5 2. Nc3 Nc6 3. a3 Nf6 4. d3 Bc5 5. Bg5 d6 6. e3 h6 7. Bxf6 Qxf6 8. Nd5
Qd8 9. g3 a6 10. Ne2 O-O 11. Nec3 Ne7 12. b4 Ba7 13. Bg2 c6 14. Nxe7+ Qxe7 15.
O-O b5 16. Bxc6 Bb7 17. Bxb7 Qxb7 18. Nd5 Rfe8 19. Rc1 bxc4 20. dxc4 Rac8 21. e4
Re6 22. Rc2 Kf8 23. Qd3 Rg6 24. Kg2 Qd7 25. Ne3 Rc6 26. Rfc1 Rg5 27. b5 axb5 28.
cxb5 Rxc2 29. Qxc2 Qxb5 30. Qc8+ Qe8 31. Qa6 Qd7 32. Nd5 Bc5 33. Qa8+ Qe8 34.
Qb7 f5 35. Rb1 fxe4 36. Qe7+ Qxe7 37. Nxe7 Kxe7 38. a4 Ke6 39. a5 Rf5 40. a6 Rf7
41. Rb7 d5 42. h4 d4 43. Rb1 d3 44. Rc1 Kd5 45. Rd1 Kd4 46. h5 e3 47. fxe3+ Kxe3
48. Kh3 d2 49. Rb1 Ke2 50. Rb7 Rf6 51. a7 Bxa7 52. Rxa7 d1=Q 53. Kg4 Ke3+ 54.
Kh4 Qd4+ 55. g4 Qxa7 56. g5 Qd4+ 57. Kg3 Rf3+ 0-1

[Event "Challenge"]
[Site "http://www.queenalice.com/game.php?id=1839616"]
[Date "2024.7.3"]
[Round "-"]
[White "Renie"]
[Black "Scar"]
[Result "0-1"]
[WhiteElo "1423"]
[BlackElo "1693"]

1. c4 d5 2. cxd5 Qxd5 3. Nc3 Qd8 4. g3 Bf5 5. e4 Be6 6. Bg2 c6 7. Nge2 Nd7 8.
O-O Ngf6 9. d4 Qc7 10. Nf4 Bc4 11. Re1 e6 12. e5 Nd5 13. Bxd5 Bxd5 14. Nfxd5
cxd5 15. Qd3 Be7 16. Nb5 Qc6 17. Bd2 O-O 18. Rac1 Qb6 19. Rc3 a6 20. Na3 Rac8
21. Rb3 Qa7 22. Rc3 Rxc3 23. Bxc3 b5 24. Nc2 Rc8 25. Qd2 Nb6 26. Rc1 Nc4 27. Qe2
Bg5 28. Rb1 Nxb2 29. Rxb2 Rxc3 30. Qe1 Qc7 31. Qd1 b4 32. Kg2 a5 33. h4 Bd8 34.
h5 f6 35. exf6 Bxf6 36. Kf1 Qc4+ 37. Kg2 e5 38. Qg4 Qa6 39. h6 g6 40. Ne3 Qd6
41. Nf5 Qb6 42. Rd2 exd4 43. Nxd4 Bxd4 44. Qxd4 Qb7 45. Re2 Qf7 46. Qb6 Qf3+ 47.
Kh3 Qxe2 48. Qd4 Qf1+ 49. Kg4 Rc4 50. Kf4 Rxd4+ 0-1

[Event "Challenge"]
[Site "http://www.queenalice.com/game.php?id=1842900"]
[Date "2024.9.2"]
[Round "-"]
[White "Renie"]
[Black "caradepau"]
[Result "0-1"]
[WhiteElo "1417"]
[BlackElo "1734"]

1. c4 e5 2. Nc3 a6 3. g3 Bc5 4. Bg2 Qf6 5. e3 Nc6 6. Ne4 Qe7 7. Ne2 h6 8. N2c3
d6 9. Nxc5 dxc5 10. O-O Bd7 11. Qb3 Rb8 12. a3 Nf6 13. Nd5 Nxd5 14. Bxd5 O-O 15.
Qc2 Qf6 16. Be4 Bh3 17. Re1 g6 18. Qc3 b5 19. b4 Kg7 20. Bg2 Bxg2 21. Kxg2 cxb4
22. Qxb4 Nxb4 23. axb4 Ra8 24. c5 e4 25. Rb1 Qf3+ 26. Kg1 h5 27. Bb2+ Kg8 28.
Be5 c6 29. Bf4 Qg4 30. Bd6 Rfe8 31. Rb3 h4 32. d3 h3 33. Kf1 Re6 34. d4 Rf6 35.
Be5 Rf5 36. Rb2 Qf3 37. Bf4 g5 38. Bd6 Kg7 39. Be5+ Kg6 40. Rd2 Qg2+ 41. Ke2
Qxf2+ 42. Kd1 Qf3+ 43. Kc2 a5 44. Kb3 Qh5 45. Rg1 Rf3 46. Re2 Rf1 47. Re1 Rxg1
48. Rxg1 axb4 49. Kxb4 Qe2 0-1

[Event "Challenge"]
[Site "http://www.queenalice.com/game.php?id=1843740"]
[Date "2024.9.14"]
[Round "-"]
[White "Renie"]
[Black "fbenevides2019"]
[Result "0-1"]
[WhiteElo "1414"]
[BlackElo "1648"]

1. c4 e5 2. Nc3 c6 3. a3 Qf6 4. Ne4 Qf5 5. d3 Be7 6. Nf3 h6 7. g3 d6 8. Bg2 Nf6
9. O-O c5 10. Nc3 a6 11. Nh4 Qd7 12. Nd5 Nxd5 13. Bxd5 Bxh4 14. gxh4 Qg4+ 15.
Bg2 Qxh4 16. Qb3 Nd7 17. Bxb7 Rb8 18. Qa4 Bxb7 19. b4 Qg4# 0-1

[Event "Challenge"]
[Site "http://www.queenalice.com/game.php?id=1843786"]
[Date "2024.9.16"]
[Round "-"]
[White "Renie"]
[Black "Rovigo"]
[Result "0-1"]
[WhiteElo "1407"]
[BlackElo "1438"]

1. c4 e5 2. Nc3 f6 3. a3 Nc6 4. d3 d6 5. b4 a5 6. Bb2 h5 7. e3 Bg4 8. f3 Be6 9.
b5 Nce7 10. Nge2 c6 11. d4 exd4 12. Nxd4 Bd7 13. g3 c5 14. Nde2 Be6 15. Nf4 Bf7
16. Nfe2 Bxc4 17. Bg2 Bxe2 18. Qxe2 g6 19. f4 g5 20. Bxb7 Rb8 21. Bc6+ Nxc6 22.
bxc6 Ne7 23. Qa6 Rb6 24. Qxa5 Nxc6 25. Qa4 gxf4 26. exf4 Qe7+ 27. Qe4 Rxb2 28.
Qxe7+ Kxe7 29. O-O h4 30. Rfe1+ Kd7 31. Nd5 hxg3 32. Nxf6+ Kc7 33. a4 gxh2+ 34.
Kh1 Nd4 35. a5 Nc2 36. Ra4 Nxe1 37. a6 Kb8 38. a7+ Ka8 39. Nd7 Rg2 40. Nf6 Rg1#
0-1

[Event "Challenge"]
[Site "http://www.queenalice.com/game.php?id=1843787"]
[Date "2024.9.16"]
[Round "-"]
[White "Renie"]
[Black "ajr"]
[Result "1-0"]
[WhiteElo "1392"]
[BlackElo "1622"]

1. c4 d5 2. Nc3 dxc4 3. Qa4+ Nc6 4. Qxc4 a6 5. e3 b5 6. Qf4 Nf6 7. Ne4 Nxe4 8.
Nf3 f5 9. g3 e6 10. b3 Nb4 11. Nd4 Qd7 12. Bg2 Nd3+ 13. Ke2 Nxf4+ 14. gxf4 c5
15. Nc2 Bb7 16. Rg1 g6 17. Bb2 Rd8 18. d4 cxd4 19. exd4 Bg7 20. Rad1 Nc5 21.
dxc5 Qxd1+ 22. Rxd1 Bxb2 23. Rxd8+ Kxd8 24. Bxb7 Ke7 25. c6 Rd8 26. Bxa6 Bc3 27.
Bxb5 Rd2+ 28. Ke3 Rxc2 29. c7 Ba5 30. Bc4 Rxa2 31. c8=Q 1-0

[Event "Challenge"]
[Site "http://www.queenalice.com/game.php?id=1846138"]
[Date "2024.10.24"]
[Round "-"]
[White "Renie"]
[Black "renet54"]
[Result "0-1"]
[WhiteElo "1414"]
[BlackElo "1535"]

1. c4 Nf6 2. Nc3 g6 3. d4 Bg7 4. e3 O-O 5. a3 d6 6. g3 Nc6 7. b4 e5 8. d5 Ne7 9.
e4 Re8 10. Bd3 Bg4 11. f3 Bd7 12. c5 dxc5 13. bxc5 c6 14. d6 Nc8 15. Bc4 b6 16.
cxb6 Nxb6 17. Ba2 Nc8 18. Bb2 Rb8 19. Bc1 Nxd6 20. Rb1 Rxb1 21. Nxb1 Kh8 22. Bb2
Nfxe4 23. fxe4 Nxe4 24. Qf3 Ng5 25. Qf1 Bg4 26. Bxf7 Qa5+ 27. Nd2 Rd8 28. Qf2
Ne4 29. Qe3 Nxd2 30. Kf2 Rf8 31. Qc3 Ne4+ 32. Kg2 Nxc3 33. Bxg6 Qc5 34. Nh3 Qd5+
35. Kg1 Ne2# 0-1